Chinese Prefecture... or Name? - Statistics

General Stats
  • This quiz has been taken 22 times
  • The average score is 19 of 25
Answer Stats
Hint Explanation Answer % Correct
Chonghuan Yuan Chonghuan (1584-1630), Ming general Person
90%
Wuxi Prefecture-level city in Jiangsu Prefecture
90%
Mianyang Prefecture-level city in Sichuan Prefecture
90%
Dilraba Dilraba Dilmurat (1992 - ), actress Person
85%
Qiji Xin Qiji (1140 - 1207), Song poet and general Person
85%
Zhaoqing Prefecture-level city in Guangdong Prefecture
85%
Xianyang Prefecture-level city in Shaanxi Prefecture
85%
Bichen Zhang Bichen (1989 - ), singer Person
80%
Xianzhi Gao Xianzhi (? - 756), Tang general Person
80%
Haixi Autonomous prefecture in Qinghai Prefecture
80%
Zhongkang Xu Chu (? - 230), courtesy name Zhongkang, Three Kingdoms era general Person
75%
Shanshan Zhong Shanshan (1954 - ), richest person in China as of making this quiz Person
75%
Shuangyashan Prefecture-level city in Heilongjiang Prefecture
75%
Jinhua Prefecture-level city in Zhejiang Prefecture
75%
Bayingolin Autonomous prefecture in Xinjiang Prefecture
75%
Xiangtan Prefecture-level city in Hunan Prefecture
75%
Tianxiang Wen Tianxiang (1236 - 1283), Song statesman Person
70%
Gülnezer Gülnezer Bextiyar (1992 - ), actress and model Person
70%
Chuxiong Autonomous prefecture in Yunnan Prefecture
70%
Maoming Prefecture-level city in Guangdong Prefecture
70%
Qubing Huo Qubing (140 BC - 117 BC), Han general Person
65%
Ngari Prefecture in Tibet Prefecture
65%
Zunyi Prefecture-level city in Guizhou Prefecture
65%
Yangqianxi Yi Yangqianxi (2000 - ), singer and actor Person
60%
Shizhen Li Shizhen (1518 - 1593), author of the Compendium of Materia Medica Person
55%
No matching quizzes found
Score Distribution
Percent of People with Each Score
Percentile by Number Answered
Your Score History
You have not taken this quiz